000 00453nam a2200169Ia 4500
008 230125s9999 xx 000 0 und d
041 _aeng
082 _a658.45
_bRAI
100 _aRai U
_9108033
245 _aEffective communication
260 _c2003
_bHimalaya Publishing House
_aMumbai
300 _a346p
500 _aBusiness Communication;Communication
650 _aCommunication
700 _aRai U & Rai S M
_9108034
999 _c91698
_d91698